000 00586nam a2200241Ia 4500
003 OSt
005 20220912152758.0
006 a|||||r|||| 00| 0
007 ta
008 220909b |||||||| |||| 00| 0 eng d
024 _a34613
037 _cTextual
040 _aCSL
_beng
_cCSL
041 _aeng
082 _aY7446191:1N6, L7
100 _aNatarajan Nalini
245 0 _aMissionary among the khasis
260 _c1977
300 _ap.
_ccm.
650 _aIndians
942 _hY7446191:1N6, L7
_cTEXL
_2CC
999 _c91965
_d91965